000 00281nam a2200121Ia 4500
008 190216s9999||||xx |||||||||||||| ||und||
100 _aLokanathan V
245 0 _aIndia`S Economic Development
260 _bS Chand & Co
_c1976
300 _a434p
650 _aEconomics
942 _cBK
999 _c9428
_d9428